| 000 | 00646nam a22001937a 4500 | ||
|---|---|---|---|
| 003 | 0 | ||
| 005 | 20240921131141.0 | ||
| 008 | 240921b xxu||||| |||| 00| 0 eng d | ||
| 020 | _a978-1-4737-9128-2 | ||
| 050 |
_aBF 281 _b.G65 2024 |
||
| 100 | _aGoldstein, E. Bruce | ||
| 245 |
_aCognitive psychology _cE. Bruce Goldstein and Johanna C. van Hooff |
||
| 250 | _aThird edition | ||
| 260 |
_aHampshire, United Kingdom _bCengage _c2024 |
||
| 300 |
_axx, 514 pages : _bcolored illustrations and pictures ; _c25cm. |
||
| 504 | _aIncludes bibliographical references, glossary, and index. | ||
| 650 | _aCognitive psychology. | ||
| 942 |
_2lcc _cBK |
||
| 999 |
_c366309 _d366309 |
||